Les Aventures de Tintin - L'Affaire Tournesol - Statistiques

Statistiques générales
  • Ce quiz a été pris 785 fois
  • Le résultat moyen est 14 sur 18
Statistiques - réponses
Question Réponse % Correct
Complétez cette réplique récurrente :
"Non, Madame ce n'est pas la boucherie ... !
Sanzot !"
96%
Quelle est la devise des Dupondt ? "Motus et bouche cousue"
95%
Comment s'appelle le chef d'état bordure ? Plekszy-Gladz
91%
Comment s'appelle le spécialiste en ultrasons que devait rencontrer le professeur ? Alfredo Topolino
90%
Quel symbole est omniprésent en Bordurie, notamment sur le drapeau officiel ? Des moustaches
89%
Comment se nomme le chef de la police bordure ? Sponsz
89%
Grâce à quel indice Tintin remonte-t-il la piste jusqu'aux ravisseurs du professeur ? Un paquet de cigarettes
86%
Qui cache Tintin et le capitaine, les sauvant ainsi de la police secrète ? La Castafiore
82%
Quel objet appartenant au professeur Milou retrouve-t-il chez ce scientifique ? Son parapluie
82%
De quelle nationalité est le chauffeur qui renverse le capitaine, avant de l'emmener, lui et Tintin à la poursuite des ravisseurs ? Italienne
81%
Pour quelle assurance Séraphin Lampion travaille-t-il ? Mondass
81%
Quel objet est au centre d'un gag qui s'étire sur plusieurs pages ? Un sparadrap
80%
Pour quelle ville le professeur Tournesol part-il ? Genève
77%
Quelle maladie pousse Séraphin Lampion et sa famille à quitter Moulinsart ? La scarlatine
75%
Avec quel véhicule Tintin et le capitaine poursuivent-ils les ravisseurs du professeur ? Un hélicoptère
75%
Pour qui Tintin et le capitaine se font-ils passer, afin de faire évader le professeur ? Des délégués de la Croix-Rouge
56%
Quelle est la capitale bordure ? Szohôd
54%
Où se trouvaient finalement les plans de la machine du professeur Tournesol ? Dans sa chambre
27%
Aucun quiz correspondant
Distribution des résultats
% des personnes avec chaque résultat
Percentile par nombre de réponses
Votre historique - résultats
Vous n’avez pas pris ce quiz